| 000 | 00728nam a2200157 a 4500 | ||
|---|---|---|---|
| 008 | 220228s2018 ||||||||||||||||| || u | ||
| 050 | _aCBU-PG THESIS/MUU | ||
| 100 | _aMuuka Herrity | ||
| 245 | 1 | 2 |
_aA comparative analysis of factors contributing to poor performance of Pupils in Business Subjects in Secondary Schools : A case of Southern Province _cBy Herrity Muuka |
| 260 |
_aKitwe _c2018 |
||
| 300 | _axii, 99 Pages : illustrations | ||
| 650 | _aPUPIL PERFOMANCE - SECONDARY SCHOOLS | ||
| 650 | _aSCHOOL EDUCATION--ADMINISTRATION--GENERAL | ||
| 650 | _aSECONDARY SCHOOL EDUCATION | ||
| 995 |
_FCBU-MAIN LIBRARY (Kitwe) _M1 _UAVAILABLE _WMay 9, 2022 _ZUniversity Collection |
||
| 999 |
_c38003 _d38003 |
||